| 000 | 00551nam a22001577a 4500 | ||
|---|---|---|---|
| 005 | 20251108170901.0 | ||
| 008 | 250721s1997 xx 000 0 ara d | ||
| 082 | 1 | 4 | _a021.64.9565/ندو |
| 111 | 2 | _aندوة التعاون بين المكتبات في الأردن ( 1997 : المفرق ) | |
| 245 | 1 | 0 | _aأبحاث ندوة التعاون بين المكتبات في الأردن / |
| 264 | 1 |
_aالمفرق : _bجامعة آل البيت، _c1997. |
|
| 650 | 1 | 7 | _aالمكتبات |
| 650 | 1 | 7 | _aالأردن |
| 942 |
_2ddc _cBK |
||
| 999 |
_c51274 _d51274 |
||